000 00944cam a2200313 i 4500
999 _c4927
_d4927
001 4927
003 BD-JhCC
005 20171205172554.0
008 781208s1978 ohua b 001 0 eng
020 _a067508430X
035 _a(BD-JhCC)
040 _aDLC
_cDLC
_dDLC
041 _aeng
050 0 0 _aQA303
_b.B68
082 0 0 _a515
_bBOI 1978
100 1 _aBoisen, Monte B.
245 1 0 _aUnderstanding basic calculus :
_bwith applications from the managerial, social, and life sciences /
_cMonte B. Boisen, Jr. and Max D. Larsen.
260 _aColumbus, Ohio :
_bMerrill,
_cc1978.
300 _aix, 438 p. :
_bill. ;
_c27 cm.
500 _aIncludes index.
504 _aBibliography: p. 382-386.
650 0 _aCalculus.
650 0 _aManagement
_xMathematics.
650 0 _aSocial sciences
_xMathematics.
650 0 _aLife sciences
_xMathematics.
700 1 _aLarsen, Max D.,
942 _2ddc
_cBK